Catalog

Record Details

Catalog Search



Das Gedächtnis der Menschheit ... : Erinnerungen an das Konzentrations- und Vernichtungslager Majdanek und den Majdanek- Prozess / Hrsg. von Werner Krebber

Krebber, Werner (Compiler).

Record details

  • ISBN: 3-922957-45-5
  • Physical Description: 32 s. : čb. fotogr
  • Publisher: Hagen : Reiner Padligur, 1996

Available copies

  • 1 of 1 copy available at Common Catalog SPOK.

Holds

  • 0 current holds with 1 total copy.
Show Only Available Copies
Location Call Number / Copy Notes Barcode Shelving Location Status Due Date
Terezin Initiative Institute 912 4594300912 Knihovna ITI Available -

LDR 00697cam a2200181 a 4500
00125677
003CZ-PrJAB
00520221026135142.0
008971115s1996 gw gr 0 ger
020 . ‡a3-922957-45-5
035 . ‡a(CONS)482
035 . ‡a(CZ PrSKC)zmp000002540
040 . ‡bcze ‡cABE323
24504. ‡aDas Gedächtnis der Menschheit ... : ‡bErinnerungen an das Konzentrations- und Vernichtungslager Majdanek und den Majdanek- Prozess / ‡cHrsg. von Werner Krebber
260 . ‡aHagen : ‡bReiner Padligur, ‡c1996
300 . ‡a32 s. : ‡bčb. fotogr
4901 . ‡aBeiträge zur Förderung des christlich-jüdischen Dialogs ; ‡vBd. 16
7001 . ‡aKrebber, Werner ‡4com
830 0. ‡aBeiträge zur Förderung des christlich-jüdischen Dialogs
8524 . ‡bJACH-ITI ‡bJACH-ITI ‡cKnihovna ITI ‡j912 ‡p912 ‡y$0.00
910 . ‡aABE340 ‡b912
995 . ‡askok
901 . ‡a25677 ‡bISxN ‡c25677 ‡tbiblio

Additional Resources